[Event "BL Meisterschaftsturnier 2020"]
[Site "Karlsruhe"]
[Date "2020.09.19"]
[Round "6.9"]
[White "McShane, Luke J"]
[Black "Huschenbeth, Niclas"]
[Result "1/2-1/2"]
[WhiteElo "2680"]
[BlackElo "2612"]
[Annotator "TA"]
[PlyCount "78"]
[EventDate "2020.09.16"]
[EventType "team-tourn"]
[EventCountry "GER"]
[SourceTitle "playchess.com"]
[Source "ChessBase"]
[SourceQuality "1"]
[WhiteTeam "Werder Bremen"]
[BlackTeam "Bayern Muenchen"]

{[%evp 22,78,25,0,0,0,11,0,0,0,5,0,0,0,0,0,0,0,0,-25,-31,-27,-31,-45,0,0,0,0,0,0,0,-30,0,0,0,0,0,-38,-18,-34,-29,-104,12,0,0,0,0,0,0,0,0,0,0,0,0,0,0,0,0]} 1. e4 c5 2. Nf3 e6 3. d4 cxd4 4. Nxd4 Nf6 5. Nc3 Nc6 6. Ndb5 d6 7. Bf4 e5 8. Bg5 a6 9. Na3 b5 10. Nd5 Be7 11. Bxf6 Bxf6 12. c4 b4 {B33: Sicilian: Pelikan and Sveshnikov Variations.} 13. Nc2 O-O 14. h4 a5 15. g3 Be6 16. Bh3 a4 17. Nce3 Nd4 18. Kf1 b3 19. Kg2 Rb8 20. a3 Rc8 21. Rc1 Rc5 {[#]} 22. Rc3 $146 ({Predecessor:} 22. Qd2 Qa8 23. Nxf6+ gxf6 24. f3 Qc6 25. Rc3 Kh8 26. Nd5 Kg7 27. Rhc1 Qc8 28. g4 h6 29. f4 Bxd5 30. cxd5 Rxc3 31. Rxc3 {0-1 (44) Bodnaruk,A (2465)-Abasov,N (2552) Baku 2016}) 22... Qa8 (22... Be7 {seems wilder.} 23. Bg4 Qd7 24. Rd3 Bd8 25. Rf1 g6) 23. Nxf6+ gxf6 24. f3 Rfc8 25. Qd3 R8c7 26. Rhc1 Kg7 27. Bg4 Qa6 28. f4 Nc2 29. Nxc2 Bxc4 30. Qf3 bxc2 31. R1xc2 {[#]} (31. fxe5 $11 fxe5 32. Bh5 (32. R1xc2 d5 $11)) 31... Qb6 ({Better is} 31... d5 $1 $17 {aiming for ...Bd3!} 32. fxe5 fxe5) 32. Rf2 {The position is equal.} Bb3 33. Rxc5 Rxc5 34. fxe5 dxe5 35. Bf5 h6 36. Qg4+ Kh8 37. Qh5 Kg7 38. Qg4+ Kh8 39. Qh5 Kg7 {Accuracy: White = 83%, Black = 85%.} 1/2-1/2

[Event "BL Meisterschaftsturnier 2020"]
[Site "Karlsruhe"]
[Date "2020.09.19"]
[Round "6.9"]
[White "Seel, Christian"]
[Black "Wojtaszek, Radoslaw"]
[Result "1/2-1/2"]
[WhiteElo "2475"]
[BlackElo "2717"]
[Annotator "TA"]
[PlyCount "65"]
[EventDate "2020.09.16"]
[EventType "team-tourn"]
[EventCountry "GER"]
[SourceTitle "playchess.com"]
[Source "ChessBase"]
[SourceQuality "1"]
[WhiteTeam "Aachen"]
[BlackTeam "Baden-Baden"]

{[%evp 22,65,40,31,68,17,41,19,27,0,7,0,22,15,24,0,10,0,24,20,26,16,16,20,27,13,8,0,0,0,2,-1,-2,-2,0,-4,0,0,30,4,17,-13,0,0,0,0]} 1. Nf3 Nf6 2. c4 e6 3. Nc3 Bb4 4. Qc2 O-O 5. a3 Bxc3 6. Qxc3 b6 7. e3 Bb7 8. Be2 d6 9. b4 Nbd7 10. Bb2 Qe7 11. O-O e5 12. d3 h6 {[#] A17: English Opening: 1...Nf6 with ...Bb4.} 13. h3 $146 (13. Nh4 $14) ({Predecessor:} 13. Rae1 Nh7 14. d4 Ng5 15. Nxg5 Qxg5 16. d5 Qe7 17. e4 Nf6 18. Bd1 Nh7 19. f4 f6 20. f5 {½-½ (42) Burnett,A (2209)-Pranav,A (2155) Olomouc 2017}) 13... Nh7 14. Nd2 Qg5 {[%csl Gb7][%cal Rg5g2] [#]} 15. Bf3 Bxf3 16. Nxf3 Qe7 17. Nd2 a5 18. Kh1 Nhf6 19. Nb3 axb4 20. axb4 Rfc8 21. Rfc1 c5 22. Kg1 Qd8 23. Rxa8 Rxa8 24. Ra1 Rxa1+ 25. Nxa1 Qa8 26. Qa3 Qxa3 27. Bxa3 $11 {[%mdl 4096] Endgame KBN-KNN} e4 28. d4 $1 cxb4 29. Bxb4 Ne8 30. Nb3 f5 {The position is equal.} 31. c5 bxc5 32. dxc5 dxc5 33. Nxc5 {Accuracy: White = 78%, Black = 89%.} 1/2-1/2

[Event "BL Meisterschaftsturnier 2020"]
[Site "Karlsruhe"]
[Date "2020.09.19"]
[Round "6.10"]
[White "Rapport, Richard"]
[Black "Koch, Thomas"]
[Result "1-0"]
[WhiteElo "2760"]
[BlackElo "2461"]
[Annotator "TA"]
[PlyCount "101"]
[EventDate "2020.09.16"]
[EventType "team-tourn"]
[EventCountry "GER"]
[SourceTitle "playchess.com"]
[Source "ChessBase"]
[SourceQuality "1"]
[WhiteTeam "Baden-Baden"]
[BlackTeam "Aachen"]

{[%evp 13,101,13,22,23,27,31,44,28,68,47,40,19,14,17,57,69,69,60,37,29,82,45,37,41,55,41,67,57,55,9,97,93,73,64,61,62,156,147,158,150,144,121,137,91,184,94,106,13,27,16,10,25,41,40,60,76,148,123,149,167,168,0,148,0,170,156,428,427,427,431,416,408,400,381,2151,2151,1821,1775,1600,1362,1141,981,29982,29983,29984,29985,29985,29986,29985,29986]} 1. d4 Nf6 2. c4 e6 3. Nf3 Bb4+ 4. Bd2 Qe7 5. a3 Bxd2+ 6. Qxd2 O-O 7. Nc3 d6 8. h3 $5 {[%mdl 4] [#] Exploring less charted territory. E11: Bogo-Indian.} e5 $146 ({Predecessor:} 8... Nbd7 9. e4 e5 10. Bd3 exd4 11. Nxd4 Ne5 12. O-O c5 13. Nf5 Bxf5 14. exf5 Rfe8 15. Rfe1 Qd7 {½-½ (36) Avellan,G (2241)-Ellis,J (2057) ICCF email 2013}) 9. g4 c6 10. O-O-O {White is slightly better.} Re8 11. e3 e4 12. Ne1 h6 13. Be2 a6 14. Nc2 b5 15. Rdg1 {[%cal Bd1g1,Bg1g5,Bg5e5][%mdl 32]} bxc4 16. Bxc4 Be6 (16... a5 $11 {keeps the balance.}) 17. Bxe6 Qxe6 18. g5 hxg5 19. Rxg5 d5 20. Rhg1 g6 21. h4 {Black must now prevent h5.} Nh7 (21... Qh3 $1 $11) 22. Re5 $16 Qc8 23. h5 $36 {[%mdl 2048] White is more active.} g5 24. f4 f6 (24... exf3 $14 25. Rxe8+ Qxe8) 25. Rxe8+ Qxe8 26. Qh2 a5 27. fxg5 fxg5 28. Qd6 {Nxd5! is the strong threat.} Na6 (28... Ra7 $16) 29. Na1 ({White should play} 29. Rf1 $18) 29... Nb4 30. axb4 (30. Nb3 $16 Nd3+ 31. Kb1) 30... axb4 $11 31. Nc2 bxc3 32. bxc3 Rd8 33. Qh6 Qf8 34. Qxc6 Qf2 (34... Qd6 $142 35. Nb4 Kg7) 35. Qe6+ $16 Kf8 36. Qh6+ Ke8 37. Qe6+ Kf8 38. Qh6+ Ke8 39. Rd1 Rd7 $2 {Black cannot hold the game after this.} (39... Nf6 $16) 40. Qe6+ $18 Kd8 41. Qa6 Qf6 42. Qa8+ Ke7 43. Nb4 Qd6 $2 (43... Kf7 44. Nc6 Kg7) 44. Nc6+ Kf6 45. Ne5 Kg7 46. Nxd7 Qxd7 47. Qa6 Nf6 {[#]} 48. h6+ $1 {White mates.} Kg6 (48... Kxh6 49. Qxf6+) 49. Rf1 Qe7 50. Kc2 g4 {[#]} 51. h7 $1 {Accuracy: White = 83%, Black = 49%.} 1-0

[Event "BL Meisterschaftsturnier 2020"]
[Site "Karlsruhe"]
[Date "2020.09.19"]
[Round "6.10"]
[White "Bogner, Sebastian"]
[Black "Areshchenko, Alexander"]
[Result "1/2-1/2"]
[WhiteElo "2571"]
[BlackElo "2678"]
[Annotator "TA"]
[PlyCount "49"]
[EventDate "2020.09.16"]
[EventType "team-tourn"]
[EventCountry "GER"]
[SourceTitle "playchess.com"]
[Source "ChessBase"]
[SourceQuality "1"]
[WhiteTeam "Bayern Muenchen"]
[BlackTeam "Werder Bremen"]

{[%evp 25,49,15,20,16,17,16,23,12,32,10,24,14,18,-7,37,41,36,36,49,0,0,0,0,-7,0,0]} 1. Nf3 c5 2. c4 Nc6 3. d4 cxd4 4. Nxd4 Nf6 5. Nc3 e6 6. Bf4 d5 7. Ndb5 e5 8. cxd5 exf4 9. dxc6 bxc6 10. Qxd8+ Kxd8 11. Rd1+ Bd7 12. Nd6 Bxd6 13. Rxd6 Rb8 14. Rd2 {[#] A33: Symmetrical English: 2 Nf3 Nf6 3 d4 cxd4 4 Nxd4 e6 5 Nc3 Nc6.} h5 $146 ({Predecessor:} 14... Re8 15. g3 f3 16. Kd1 fxe2+ 17. Bxe2 Kc7 18. Bc4 Ng4 19. h3 Ne5 20. Be2 Be6 21. Kc1 Rb4 {½-½ (32) Stupak,K (2506)-Martinez Alcantara,J (2606) Chennai 2020}) 15. g3 fxg3 16. hxg3 {White has an edge.} g5 17. Bg2 Ke7 18. O-O h4 19. f4 gxf4 20. Rxf4 h3 21. Bf3 Nh5 22. Bxh5 Rxh5 {The position is equal.} 23. Kh2 Be6 24. b3 a5 25. Rd3 {Accuracy: White = 79%, Black = 89%.} 1/2-1/2

[Event "BL Meisterschaftsturnier 2020"]
[Site "Karlsruhe"]
[Date "2020.09.19"]
[Round "6.11"]
[White "Efimenko, Zahar"]
[Black "Dragnev, Valentin"]
[Result "1/2-1/2"]
[WhiteElo "2602"]
[BlackElo "2553"]
[Annotator "TA"]
[PlyCount "68"]
[EventDate "2020.09.16"]
[EventType "team-tourn"]
[EventCountry "GER"]
[SourceTitle "playchess.com"]
[Source "ChessBase"]
[SourceQuality "1"]
[WhiteTeam "Werder Bremen"]
[BlackTeam "Bayern Muenchen"]

{[%evp 12,68,0,0,0,0,0,0,0,0,0,0,0,-3,0,0,27,26,40,20,6,28,63,63,48,63,62,54,36,38,46,25,28,26,22,9,30,0,0,0,6,0,22,0,0,0,0,-12,-12,-29,29,0,0,0,31,0,0,-15,0]} 1. e4 e6 2. d4 d5 3. e5 c5 4. c3 Nc6 5. Nf3 Qb6 6. Na3 {[%cal Bb1a3,Ba3b5,Bb5c3,Bc3a4,Ba4c5][%mdl 32]} cxd4 7. cxd4 Bb4+ {C02: French: Advance Variation.} 8. Bd2 Nge7 $1 {[%mdl 4] is more profitable than 8...Bxa3 at the moment.} ({Don't go for} 8... Nxd4 $2 9. Nxd4 Qxd4 10. Qa4+ Bd7 11. Qxb4 $18) 9. Nb5 Bxd2+ 10. Qxd2 O-O 11. Be2 Bd7 12. Nc3 {[#]} f6 $146 ({Predecessor:} 12... Nf5 13. Na4 Qc7 14. Rc1 f6 15. Nc5 Rae8 16. exf6 Rxf6 17. b4 e5 18. dxe5 Nxe5 19. Qxd5+ {1-0 (29) Ponkratov,P (2590)-Mokshanov,A (2405) St Petersburg 2017}) 13. Na4 $36 {[%mdl 2048] White fights for an advantage.} Qd8 14. exf6 Rxf6 15. Nc5 Be8 16. Nxb7 Qb6 17. Nc5 Nf5 18. Rc1 Rb8 19. b3 Qb4 {[%cal Rc6d4]} 20. Qxb4 Rxb4 21. a3 Rb8 22. Rd1 Rc8 23. b4 {[%cal Bb3b4,Bb4b5][%mdl 32]} Bh5 24. Nb3 Bxf3 25. Bxf3 Nh4 26. Rd3 Rcf8 {[%cal Rh4f3]} 27. b5 Ne7 {[%cal Rh4f3]} 28. Nd2 Neg6 {Threatening ...Nf4.} 29. O-O Nf4 30. Rb3 Nf5 (30... Rc8 $142) 31. Rb4 Nh4 32. Rb3 Nf5 33. Rb4 Nh4 34. Rb3 Nf5 {Accuracy: White = 91%, Black = 88%.} 1/2-1/2

[Event "BL Meisterschaftsturnier 2020"]
[Site "Karlsruhe"]
[Date "2020.09.19"]
[Round "6.11"]
[White "Vandenbussche, Thibaut"]
[Black "Adams, Michael"]
[Result "1/2-1/2"]
[WhiteElo "2435"]
[BlackElo "2706"]
[Annotator "TA"]
[PlyCount "76"]
[EventDate "2020.09.16"]
[EventType "team-tourn"]
[EventCountry "GER"]
[SourceTitle "playchess.com"]
[Source "ChessBase"]
[SourceQuality "1"]
[WhiteTeam "Aachen"]
[BlackTeam "Baden-Baden"]

{[%evp 11,76,10,11,0,4,0,10,2,7,12,13,0,0,-15,-12,-14,-17,-30,-25,-13,-23,-12,0,0,-2,-7,0,-18,-8,-15,-16,-18,-27,-27,-9,-26,-18,-30,-29,-39,-48,-52,-44,-46,-46,-58,-58,-62,-23,-24,-32,-32,-2,-29,-33,-31,0,-1,0,0,0,-11,0,0,14,15,22]} 1. e4 e5 2. Nf3 Nc6 3. Bc4 Nf6 4. d4 exd4 5. e5 Ne4 6. Qe2 Nc5 $1 (6... Bb4+ 7. Kd1 $16) 7. O-O {C56: Two Knights: 4 d4 exd4 5 0-0 Nxe4.} Ne6 8. c3 d5 9. exd6 $1 Bxd6 10. Bg5 {[#]} Qd7 $146 ({Predecessor:} 10... Be7 11. Bxe7 Qxe7 12. Rd1 O-O 13. cxd4 Nf4 14. Qe3 Qf6 15. Nc3 Bg4 16. Ne4 Qh6 {1-0 (78) Paulik,V (2353)-Dolezal,P (2089) ICCF email 2017}) 11. cxd4 {[#] aiming for d5.} O-O $1 12. Be3 {Strongly threatening d5.} Nf4 13. Bxf4 $1 Bxf4 14. Qe4 Qf5 15. Bd3 Qxe4 16. Bxe4 Bd7 17. Nc3 Rfe8 18. Rfe1 Kf8 19. h3 Rad8 20. Rad1 a6 21. g3 Bd6 22. Kg2 g6 23. Bd5 Rxe1 24. Rxe1 Be8 25. a3 Be7 26. Be4 f5 27. Bd5 Bf6 28. Rd1 b5 29. Kf1 a5 {[#] Threatens to win with ...b4.} 30. Bxc6 $1 Bxc6 31. Ne5 Bd5 (31... Be8 {is more complex.} 32. f4 b4 33. axb4 axb4 34. Ne2 c5) 32. Nxd5 (32. Ke1 {seems wilder.} Bb3 33. Rd2 b4 34. axb4 axb4 35. Nb5) 32... Rxd5 $11 {[%mdl 4096] Endgame KRB-KRN} 33. Nc6 $1 a4 34. Rc1 {The position is equal.} Kf7 35. Ke2 Ke6 36. Rc2 h5 37. Ke3 Rd7 38. h4 Rd5 {Accuracy: White = 97%, Black = 89%.} 1/2-1/2

[Event "BL Meisterschaftsturnier 2020"]
[Site "Karlsruhe"]
[Date "2020.09.19"]
[Round "6.12"]
[White "Vallejo Pons, Francisco"]
[Black "Piceu, Tom"]
[Result "1-0"]
[WhiteElo "2710"]
[BlackElo "2347"]
[Annotator "TA"]
[PlyCount "57"]
[EventDate "2020.09.16"]
[EventType "team-tourn"]
[EventCountry "GER"]
[SourceTitle "playchess.com"]
[Source "ChessBase"]
[SourceQuality "1"]
[WhiteTeam "Baden-Baden"]
[BlackTeam "Aachen"]

{[%evp 14,57,31,23,25,31,25,22,27,17,20,11,30,14,31,36,84,72,83,82,73,64,75,72,75,74,78,68,142,131,100,70,102,89,112,95,268,248,294,295,488,483,444,258,581,554]} 1. e4 c5 2. Nf3 d6 3. d4 cxd4 4. Nxd4 Nf6 5. Nc3 a6 6. Bg5 e6 7. f4 h6 8. Bh4 Nbd7 {B96: Sicilian Najdorf: 6 Bg5 e6 7 f4, lines other than 7...Qb6 and 7...Be7.} 9. Qe2 e5 10. fxe5 Nxe5 {The position is equal.} 11. Bxf6 Qxf6 12. Nd5 Qd8 13. Nf3 {[#]} Be6 $146 ({Predecessor:} 13... Qa5+ 14. c3 Be6 15. O-O-O O-O-O 16. Kb1 Kb8 17. Qf2 Rc8 18. Nxe5 dxe5 19. Be2 Qa4 {½-½ (28) Razumikhin,A (2320)-Nekhaev,A (2525) ICCF email 2015}) 14. O-O-O Be7 15. Nxe5 Bg5+ 16. Kb1 ({Of course not} 16. Ne3 Qb6 $11) 16... dxe5 17. g3 Qa5 18. h4 Bd8 19. Bh3 $36 {[%mdl 2048] [#] Black must now prevent Bxe6. Black is under strong pressure.} O-O 20. Bf5 Re8 ({Black should try} 20... Rc8 $14) 21. Rhf1 $16 Qc5 22. Rf3 b5 23. Rc3 Qa7 24. a3 Bb6 $2 {[#] Now Black is done in.} (24... Qb7 $16) 25. Qg4 $1 $18 {Strongly threatening Nf6+.} Bxd5 26. exd5 ({Weaker is} 26. Rxd5 Rad8 $14) 26... Bd4 $2 (26... e4 {keeps fighting.} 27. d6 Rad8 28. Bxe4 Re6) 27. Rc6 Rad8 28. Be4 (28. Rxh6 $142 Rxd5 29. Bh7+ (29. Rh7 e4 $16) 29... Kf8 30. Rh5) 28... a5 $2 (28... Qd7 {is tougher.} 29. Qf3 Rf8) 29. Rxh6 {Accuracy: White = 84%, Black = 49%.} 1-0

[Event "BL Meisterschaftsturnier 2020"]
[Site "Karlsruhe"]
[Date "2020.09.19"]
[Round "6.12"]
[White "Bischoff, Klaus"]
[Black "Van Foreest, Lucas"]
[Result "0-1"]
[WhiteElo "2503"]
[BlackElo "2531"]
[Annotator "ChessBase"]
[PlyCount "116"]
[EventDate "2020.09.16"]
[EventType "team-tourn"]
[EventCountry "GER"]
[SourceTitle "playchess.com"]
[Source "ChessBase"]
[SourceQuality "1"]
[WhiteTeam "Bayern Muenchen"]
[BlackTeam "Werder Bremen"]
[TimeControl "40/5400+30:1800+30"]

1. c4 {[%emt 0:00:00]} g6 {[%emt 0:00:00]} 2. d4 {[%emt 0:00:37]} Bg7 {[%emt 0:00:00]} 3. e4 {[%emt 0:00:27]} d6 {[%emt 0:00:04]} 4. Nc3 {[%emt 0:00:15]} c5 {[%emt 0:00:02]} 5. d5 {[%emt 0:00:44]} Bxc3+ {[%emt 0:00:04]} 6. bxc3 {[%emt 0:00:15]} e5 {[%emt 0:00:01]} 7. dxe6 {[%emt 0:17:25]} Bxe6 {[%emt 0:00:13]} 8. Nf3 {[%emt 0:00:23]} Nc6 {[%emt 0:01:33]} 9. Ng5 {[%emt 0:04:21]} Nf6 {[%emt 0:19:20]} 10. Nxe6 {[%emt 0:00:52]} fxe6 {[%emt 0:02:46]} 11. Qc2 {[%emt 0:00:17]} e5 {[%emt 0:12:05]} 12. Be2 {[%emt 0:01:40]} Qe7 {[%emt 0:00:30]} 13. O-O {[%emt 0:00:40]} O-O-O {[%emt 0:00:19]} 14. Rd1 {[%emt 0:01:36]} h6 {[%emt 0:00:51]} 15. Rd3 {[%emt 0:04:08]} g5 {[%emt 0:02:04]} 16. Rf3 {[%emt 0:02:32]} Rdf8 {[%emt 0:02:13]} 17. Bd2 {[%emt 0:05:01]} Kc7 {[%emt 0:04:20]} 18. Rd1 {[%emt 0:00:45]} Qe6 {[%emt 0:05:22]} 19. Be1 {[%emt 0:02:43]} Rhg8 {[%emt 0:00:16]} 20. Rfd3 {[%emt 0:01:59]} Rd8 {[%emt 0:00:09]} 21. Rh3 {[%emt 0:01:51]} h5 {[%emt 0:00:46]} 22. Bd2 {[%emt 0:03:23]} Rd7 {[%emt 0:01:22]} 23. Rf3 {[%emt 0:00:52]} Ne7 {[%emt 0:02:52]} 24. Qa4 {[%emt 0:02:08]} g4 {[%emt 0:01:26]} 25. Rd3 {[%emt 0:05:06]} Nc8 {[%emt 0:00:25]} 26. f3 {[%emt 0:00:21]} h4 {[%emt 0:00:03]} 27. Be1 {[%emt 0:03:07]} g3 {[%emt 0:04:41]} 28. h3 {[%emt 0:00:44]} Nb6 {[%emt 0:01:25]} 29. Qa5 {[%emt 0:00:26]} Kb8 {[%emt 0:03:45]} 30. Rd5 {[%emt 0:04:15]} Nh5 {[%emt 0:01:49]} 31. Bd2 {[%emt 0:00:37]} Rf8 {[%emt 0:01:38]} 32. Rb1 {[%emt 0:01:35]} Rc7 {[%emt 0:13:21]} 33. Bg5 {[%emt 0:03:06]} Qg6 {[%emt 0:02:18]} 34. Be3 {[%emt 0:00:58]} Nxd5 {[%emt 0:00:19]} 35. cxd5 {[%emt 0:00:07]} Nf4 {[%emt 0:00:06]} 36. Bxf4 {[%emt 0:00:10]} Rxf4 {[%emt 0:00:54]} 37. Qb5 {[%emt 0:01:05]} Rf8 {[%emt 0:01:05]} 38. Qd3 {[%emt 0:00:31]} c4 {[%emt 0:01:53]} 39. Qe3 {[%emt 0:00:20]} Rc5 {[%emt 0:00:30]} 40. Rb4 {[%emt 0:00:18]} Qf6 {[%emt 0:00:58]} 41. Kf1 {[%emt 0:30:48]} Rfc8 {[%emt 0:30:45]} 42. Ke1 {[%emt 0:00:14]} Qf4 {[%emt 0:01:32]} 43. Qxf4 {[%emt 0:00:30]} exf4 {[%emt 0:00:03]} 44. Kd2 {[%emt 0:00:31]} Ra5 {[%emt 0:00:18]} 45. a4 {[%emt 0:00:15]} b5 {[%emt 0:00:25]} 46. Bd1 {[%emt 0:01:02]} Kb7 {[%emt 0:00:47]} 47. Kc1 {[%emt 0:03:36]} Kb6 {[%emt 0:00:43]} 48. Kb2 {[%emt 0:00:52]} Kc5 {[%emt 0:00:30]} 49. Rxb5+ {[%emt 0:01:46]} Rxb5+ {[%emt 0:00:04]} 50. axb5 {[%emt 0:00:10]} Rb8 {[%emt 0:03:43]} 51. Ba4 {[%emt 0:00:22]} Kb6 {[%emt 0:04:41]} 52. Ka3 {[%emt 0:00:31]} Ka5 {[%emt 0:00:30]} 53. Bd1 {[%emt 0:00:41]} Rxb5 {[%emt 0:00:21]} 54. Bc2 {[%emt 0:00:07]} Kb6 {[%emt 0:00:15]} 55. Ka2 {[%emt 0:00:14]} Kc5 {[%emt 0:00:08]} 56. Ka3 {[%emt 0:00:07]} a5 {[%emt 0:01:03]} 57. Ka2 {[%emt 0:00:08]} a4 {[%emt 0:00:04]} 58. Ka3 {[%emt 0:00:14]} Rb3+ 0-1

[Event "BL Meisterschaftsturnier 2020"]
[Site "Karlsruhe"]
[Date "2020.09.19"]
[Round "6.13"]
[White "Zumsande, Martin"]
[Black "Fedorovsky, Michael"]
[Result "1-0"]
[WhiteElo "2456"]
[BlackElo "2422"]
[Annotator "ChessBase"]
[PlyCount "91"]
[EventDate "2020.09.16"]
[EventType "team-tourn"]
[EventCountry "GER"]
[SourceTitle "playchess.com"]
[Source "ChessBase"]
[SourceQuality "1"]
[WhiteTeam "Werder Bremen"]
[BlackTeam "Bayern Muenchen"]
[TimeControl "40/5400+30:1800+30"]

1. e4 {[%emt 0:00:00]} c5 {[%emt 0:00:00]} 2. Nf3 {[%emt 0:00:02]} Nc6 {[%emt 0:00:00]} 3. c3 {[%emt 0:00:06]} Nf6 {[%emt 0:00:35]} 4. e5 {[%emt 0:00:19]} Nd5 {[%emt 0:00:05]} 5. Bc4 {[%emt 0:00:27]} Nb6 {[%emt 0:01:28]} 6. Bb3 {[%emt 0:00:34]} d5 {[%emt 0:00:44]} 7. exd6 {[%emt 0:00:22]} Qxd6 {[%emt 0:00:07]} 8. Na3 {[%emt 0:00:14]} a6 {[%emt 0:14:17]} 9. O-O {[%emt 0:02:01]} Bf5 {[%emt 0:03:18]} 10. d4 {[%emt 0:01:02]} e6 {[%emt 0:14:03]} 11. Be3 {[%emt 0:06:43]} cxd4 {[%emt 0:15:58]} 12. Nxd4 {[%emt 0:01:22]} Nxd4 {[%emt 0:00:06]} 13. Bxd4 {[%emt 0:04:48]} O-O-O {[%emt 0:02:31]} 14. Qh5 {[%emt 0:14:33]} Bg6 {[%emt 0:11:22]} 15. Qf3 {[%emt 0:10:54]} Qc7 {[%emt 0:03:50]} 16. Rad1 {[%emt 0:06:49]} Bd6 {[%emt 0:01:29]} 17. h4 {[%emt 0:00:57]} h5 {[%emt 0:16:14]} 18. Bxb6 {[%emt 0:13:26]} Qxb6 {[%emt 0:00:04]} 19. Nc4 {[%emt 0:00:05]} Qc7 {[%emt 0:00:19]} 20. Nxd6+ {[%emt 0:00:11]} Rxd6 {[%emt 0:00:05]} 21. Rxd6 {[%emt 0:00:05]} Qxd6 {[%emt 0:00:03]} 22. Rd1 {[%emt 0:00:08]} Qe7 {[%emt 0:03:54]} 23. Qg3 {[%emt 0:04:20]} Re8 {[%emt 0:03:13]} 24. Qe5 {[%emt 0:13:35]} f6 {[%emt 0:02:06]} 25. Qe3 {[%emt 0:02:46]} e5 {[%emt 0:01:19]} 26. Bd5 {[%emt 0:06:52]} Kb8 {[%emt 0:00:58]} 27. c4 {[%emt 0:02:33]} Bf5 {[%emt 0:01:25]} 28. c5 {[%emt 0:02:40]} Qc7 {[%emt 0:01:35]} 29. b4 {[%emt 0:01:05]} Rd8 {[%emt 0:00:41]} 30. Bf3 {[%emt 0:00:42]} Rxd1+ {[%emt 0:00:14]} 31. Bxd1 {[%emt 0:00:05]} Qd7 {[%emt 0:01:15]} 32. Bxh5 {[%emt 0:01:19]} Bg4 {[%emt 0:01:13]} 33. Bg6 {[%emt 0:01:38]} Be6 {[%emt 0:00:13]} 34. a3 {[%emt 0:00:46]} Qd1+ {[%emt 0:01:11]} 35. Kh2 {[%emt 0:00:03]} Qa1 {[%emt 0:00:30]} 36. Qd3 {[%emt 0:01:58]} Ka7 {[%emt 0:00:23]} 37. Qd6 {[%emt 0:00:47]} Qa2 {[%emt 0:00:17]} 38. Be4 {[%emt 0:00:32]} Bc8 {[%emt 0:00:25]} 39. Qb6+ {[%emt 0:00:52]} Kb8 {[%emt 0:00:07]} 40. c6 {[%emt 0:01:37]} Qc4 {[%emt 0:00:29]} 41. cxb7 {[%emt 0:03:51]} Qxe4 {[%emt 0:00:32]} 42. bxc8=Q+ {[%emt 0:00:36]} Kxc8 {[%emt 0:00:02]} 43. Qxa6+ {[%emt 0:00:11]} Kb8 {[%emt 0:00:06]} 44. Qb6+ {[%emt 0:00:28]} Kc8 {[%emt 0:00:10]} 45. g3 {[%emt 0:00:24]} f5 {[%emt 0:01:56]} 46. Qe3 {[%emt 0:00:55]} 1-0

[Event "BL Meisterschaftsturnier 2020"]
[Site "Karlsruhe"]
[Date "2020.09.19"]
[Round "6.13"]
[White "Klein, Felix"]
[Black "Naiditsch, Arkadij"]
[Result "0-1"]
[WhiteElo "2307"]
[BlackElo "2624"]
[Annotator "RC"]
[PlyCount "64"]
[EventDate "2020.09.16"]
[EventType "team-tourn"]
[EventCountry "GER"]
[SourceTitle "playchess.com"]
[Source "ChessBase"]
[SourceQuality "1"]
[WhiteTeam "Aachen"]
[BlackTeam "Baden-Baden"]
[TimeControl "40/5400+30:1800+30"]

1. e4 {[%emt 0:00:40]} c5 {[%emt 0:00:00]} 2. Nf3 {[%emt 0:00:08]} Nc6 {[%emt 0:00:06]} 3. d4 {[%emt 0:00:04]} cxd4 {[%emt 0:00:14]} 4. Nxd4 {[%emt 0:00:07]} Qb6 {[%emt 0:00:05]} 5. Nb3 {[%emt 0:00:29]} Nf6 {[%emt 0:00:09]} 6. Nc3 {[%emt 0:01:00]} e6 {[%emt 0:00:10]} 7. Be3 {[%emt 0:00:12]} Qc7 {[%emt 0:00:12]} 8. a3 {[%emt 0:00:42]} a6 {[%emt 0:00:17]} 9. f4 {[%emt 0:00:19]} d6 {[%emt 0:00:09]} 10. g4 {[%emt 0:00:12]} b5 {[%emt 0:00:59]} 11. g5 {[%emt 0:00:32]} Nd7 {[%emt 0:00:13]} 12. Qd2 {[%emt 0:00:10]} Nc5 {[%emt 0:04:40]} 13. O-O-O {[%emt 0:13:27]} Rb8 {[%emt 0:05:18]} 14. f5 {[%emt 0:11:32]} Na4 {[%emt 0:05:07]} 15. g6 {[%emt 0:24:35]} hxg6 {[%emt 0:05:09]} 16. fxe6 {[%emt 0:00:04]} Bxe6 {[%emt 0:03:09]} 17. Nd5 {[%emt 0:00:48]} Bxd5 {[%emt 0:06:28]} 18. exd5 {[%emt 0:04:19]} Ne5 {[%emt 0:04:26]} 19. Bf4 {[%emt 0:01:30]} Nc4 {[%emt 0:04:44]} 20. Bxc4 {[%emt 0:15:03]} bxc4 {[%emt 0:00:13]} 21. Na5 {[%emt 0:00:02]} Be7 {[%emt 0:04:05]} 22. Nc6 {[%emt 0:05:44]} O-O {[%emt 0:00:21]} 23. Bg5 {[%emt 0:05:15]} Bxg5 {[%emt 0:05:15]} 24. Qxg5 {[%emt 0:00:05]} Rfe8 {[%emt 0:01:19]} 25. Rhe1 {[%emt 0:03:07]} Qb7 {[%emt 0:00:56]} 26. b3 {[%emt 0:05:27]} cxb3 {[%emt 0:00:26]} 27. Nxb8 {[%emt 0:00:13]} Rxb8 {[%emt 0:00:49]} 28. Rd4 {[%emt 0:05:26]} Qc8 {[%emt 0:04:21]} 29. c4 {[%emt 0:00:49]} b2+ {[%emt 0:00:30]} 30. Kc2 {[%emt 0:02:06]} Qb7 {[%emt 0:00:22]} 31. Qe3 {[%emt 0:00:45]} b1=Q+ {[%emt 0:00:23]} 32. Kd2 {[%emt 0:00:30]} Q7b2# {[%emt 0:00:15]} 0-1